MARC details
| 000 -LEADER |
| fixed length control field |
01780nam a2200253 a 4500 |
| 008 - FIXED-LENGTH DATA ELEMENTS--GENERAL INFORMATION |
| fixed length control field |
090518s1978 ||||||||||||||||| || u |
| 050 ## - LIBRARY OF CONGRESS CALL NUMBER |
| Classification number |
GOV.ZAM(058)FR/1976A |
| 110 ## - MAIN ENTRY--CORPORATE NAME |
| Corporate name or jurisdiction name as entry element |
Government of the Republic of Zambia. Ministry of Finance and National Planning |
| 245 10 - TITLE STATEMENT |
| Title |
Republic of Zambia financial report for the year ended 31st December, (1976, 1977, 1978, 1979, 1981, 1982, 1983, 1984, 1985, 1986) |
| 260 ## - PUBLICATION, DISTRIBUTION, ETC. |
| Place of publication, distribution, etc. |
Lusaka: |
| Name of publisher, distributor, etc. |
Government Printer |
| Date of publication, distribution, etc. |
1978 |
| 300 ## - PHYSICAL DESCRIPTION |
| Extent |
vii, 544p.: ill. |
| 350 ## - |
| -- |
0.00 |
| 500 ## - GENERAL NOTE |
| General note |
LIBRARY HOLDINGS: 1976, 1977, 1978, 1979, 1981, 1982, 1983, 1984, 1985, 1986 |
| 650 #0 - SUBJECT ADDED ENTRY--TOPICAL TERM |
| Topical term or geographic name entry element |
AFRICA--ECONOMIC CONDITIONS |
| 650 ## - SUBJECT ADDED ENTRY--TOPICAL TERM |
| Topical term or geographic name entry element |
ZAMBIA--ECONOMIC CONDITIONS |
| 650 ## - SUBJECT ADDED ENTRY--TOPICAL TERM |
| Topical term or geographic name entry element |
EXPENDITURES, PUBLIC--ZAMBIA |
| 650 ## - SUBJECT ADDED ENTRY--TOPICAL TERM |
| Topical term or geographic name entry element |
ZAMBIA--APPROPRIATIONS AND EXPENDITURES |
| 995 ## - |
| -- |
SPECIAL COLLECTIONS |
| -- |
0.00 |
| -- |
03003972 |
| -- |
CBU-MAIN LIBRARY (Kitwe) |
| -- |
1 |
| -- |
0.00 |
| -- |
GOV.ZAM(058)FR/1976B |
| -- |
2 |
| -- |
AVAILABLE |
| -- |
May 18, 2009 |
| -- |
03003972 |
| -- |
Zambiana Collection |
| 995 ## - |
| -- |
SPECIAL COLLECTIONS |
| -- |
0.00 |
| -- |
03003960 |
| -- |
CBU-MAIN LIBRARY (Kitwe) |
| -- |
1 |
| -- |
0.00 |
| -- |
GOV.ZAM(058)FR/1979 |
| -- |
6 |
| -- |
AVAILABLE |
| -- |
May 18, 2009 |
| -- |
03003960 |
| -- |
Zambiana Collection |
| 995 ## - |
| -- |
SPECIAL COLLECTIONS |
| -- |
0.00 |
| -- |
03003957 |
| -- |
CBU-MAIN LIBRARY (Kitwe) |
| -- |
1 |
| -- |
0.00 |
| -- |
GOV.ZAM(058)FR/1978A |
| -- |
4 |
| -- |
AVAILABLE |
| -- |
May 18, 2009 |
| -- |
03003957 |
| -- |
Zambiana Collection |
| 995 ## - |
| -- |
SPECIAL COLLECTIONS |
| -- |
0.00 |
| -- |
03003959 |
| -- |
CBU-MAIN LIBRARY (Kitwe) |
| -- |
1 |
| -- |
0.00 |
| -- |
GOV.ZAM(058)FR/1978B |
| -- |
5 |
| -- |
AVAILABLE |
| -- |
May 18, 2009 |
| -- |
03003959 |
| -- |
Zambiana Collection |
| 995 ## - |
| -- |
SPECIAL COLLECTIONS |
| -- |
0.00 |
| -- |
03003956 |
| -- |
CBU-MAIN LIBRARY (Kitwe) |
| -- |
1 |
| -- |
0.00 |
| -- |
GOV.ZAM(058)FR/1977 |
| -- |
3 |
| -- |
AVAILABLE |
| -- |
May 18, 2009 |
| -- |
03003956 |
| -- |
Zambiana Collection |
| 995 ## - |
| -- |
SPECIAL COLLECTIONS |
| -- |
0.00 |
| -- |
03003971 |
| -- |
CBU-MAIN LIBRARY (Kitwe) |
| -- |
1 |
| -- |
0.00 |
| -- |
GOV.ZAM(058)FR/1976A |
| -- |
1 |
| -- |
AVAILABLE |
| -- |
May 18, 2009 |
| -- |
03003971 |
| -- |
Zambiana Collection |
| 999 ## - |
| -- |
80118 |
| -- |
80118 |